000
002920000a22000970004500
100
1
_a
Na'aman, Nadav
245
1
0
_a
Literary and topographical notes on the battle of kishon (Judges 4-5)
300
_a
Vol. 40, Num. 4 (Octubre, 1990), Páginas 423-436
773
0
_t
Vetus Testamentum
942
_c
ANA
999
_c
57636
_d
57636